000 00213 a2200097 4500
001 24979
100 _aWalker, M
245 _aSchwarz-chrisoffel transformation the
260 _a
_bDover
_c
090 _c16925
_d16925
942 _aNUST-CAE
_cM
_c7697
999 _c260052
_d260052